| 000 -LEADER |
| fixed length control field |
00489nam a22000977a 4500 |
| 008 - FIXED-LENGTH DATA ELEMENTS--GENERAL INFORMATION |
| fixed length control field |
160509b xxu||||| |||| 00| 0 eng d |
| 100 ## - MAIN ENTRY--AUTHOR'S NAME |
| Author's Name |
Winick, Lester E. |
| 245 ## - TITLE STATEMENT |
| Title |
The Beck handbook of printed cachets, February, 1962 to October, 1975 |
| 260 ## - PUBLICATION, DISTRIBUTION, ETC. (IMPRINT) |
| Date of publication, distribution, etc. |
1995 |
| 650 ## - TOPICAL TERM (Tag) |
| Topical term or geographic name |
United States | Cachets | Beck, Morris | Artists and Designers Covers | Topical Collecting | Space | Rockets and Space | United States. Navy | Maritime Mail | Military Mail | 1962-1975 20th Century | Catalogs and Price Lists |